000 01349cam a22003615i 4500
001 17855501
003 EG-ScBUE
005 20250323092634.0
008 130816t2014 nyua f 001 0 eng d
020 _a9780071821810 (paperback)
020 _a0071821813 (paperback)
040 _aEG-ScBUE
_beng
_erda
_cEG-ScBUE
_dEG-ScBUE
082 0 4 _a512.9
_bSPI
_222
100 1 _92617
_aSpiegel, Murray R.,
_eauthor.
245 1 0 _aSchaum's outline college algebra /
_cMurray R. Speigel, former professor and chairman, Mathematics Department, Rensselaer Polytechnic Institute, Hartford Graduate Center, Robert E. Moyer, PhD, associate professor of mathematics, Southwest Minnesota State University.
246 3 0 _aCollege algebra
250 _aFourth edition.
264 1 _aNew York :
_bMcgraw-Hill Education,
_c[2014]
264 4 _cc2014
300 _axii, 388 pages :
_billustrations ;
_c28 cm.
336 _2rdacontent
_atext
_btxt
337 _2rdamedia
_aunmediated
_bn
338 _2rdacarrier
_avolume
_bnc
490 0 _aSchaum's outline series
500 _aPrevious edition : 2006.
500 _aIncludes index.
500 _aIncludes Appendices.
650 7 _aAlgebra.
_2BUEsh
650 7 _aAlgebra
_vProblems, exercises, etc.
_2BUEsh
655 _vReading book
700 1 _aMoyer, Robert E.,
_941308
_eauthor.
942 _2ddc
_cBB
999 _c19938
_d19910